Qi miao bai bao he = Magic box

Bibliographic Details
Main Author: Yap Tian Tat
Format: Book
Published: s.l. : Jiu Tong International Cultural Co Ltd , 2005
Subjects:

MARC

LEADER 00000cam a2200000 7i4500
001 0000117339
005 20250911145013.0
020 |a 981418599X 
090 0 0 |a JFM   |b YAP 
100 0 |a Yap Tian Tat 
245 1 0 |a Qi miao bai bao he = Magic box   |c Yap Tian Tatt 
260 |a s.l. :   |b Jiu Tong International Cultural Co Ltd ,   |c 2005 
300 |a 127p. :   |b ill. ;   |c 18cm. 
650 0 0 |a Children's stories, Chinese 
650 0 0 |a Chinese fiction 
650 0 0 |a Chinese language 
999 |a 00210474   |b BUKU   |c JUNIOR FICTION MANDARIN COLLECTION   |e PERPUSTAKAAN KOMUNITI PETALING JAYA 
999 |a 00210475   |b BUKU   |c JUNIOR FICTION MANDARIN COLLECTION   |e PERPUSTAKAAN KOMUNITI PETALING JAYA